[Event "9th Semana Santa Alicante"]
[Site "San Vicente ESP"]
[Date "2025.04.20"]
[Round "8.4"]
[White "Puranik, Abhimanyu"]
[Black "Prraneeth, Vuppala"]
[Result "1-0"]
[WhiteTitle "GM"]
[BlackTitle "GM"]
[WhiteElo "2636"]
[BlackElo "2433"]
[WhiteFideId "5061245"]
[BlackFideId "46622373"]
[EventDate "2025.04.16"]

1. c4 e6 2. Nc3 Nf6 3. e4 c5 4. Nf3 Nc6 5. Be2 d5 6. exd5 exd5 7. d4 Be7 8. Be3
cxd4 9. Nxd4 Nxd4 10. Qxd4 dxc4 11. O-O-O Qxd4 12. Bxd4 Be6 13. Bf3 O-O-O 14.
Bxa7 Rxd1+ 15. Rxd1 Rd8 16. Bd4 Bf5 17. Re1 Bd6 18. Nb5 Bf4+ 19. Be3 Nd5 20.
Bxd5 Rxd5 21. Nc3 Rd4 22. Bxf4 Rxf4 23. f3 Be6 24. Re5 Rh4 25. h3 Kd7 26. Kd2
Rd4+ 27. Ke2 Rd6 28. Rb5 Kc6 29. Ra5 Rd8 30. a3 g6 31. h4 h5 32. Re5 Bf5 33. Ke3
Rd3+ 34. Ke2 Rd4 35. g3 Rd8 36. Nd1 Be6 37. Nc3 Bf5 38. Na2 Be6 39. Nb4+ Kd6 40.
Re3 Kc5 41. Re5+ Kd6 42. Ra5 Kc7 43. Rb5 Re8 44. Kd2 Rd8+ 45. Ke2 f6 46. a4 Re8
47. Kd2 Rd8+ 48. Ke2 b6 49. Na6+ Kc6 50. Nb4+ Kc7 51. Na6+ Kb7 52. Nc5+ Kc6 53.
Nxe6 Re8 54. g4 Rxe6+ 55. Kf2 Rd6 56. gxh5 gxh5 57. Rb4 Rd4 58. Kg3 f5 59. b3
f4+ 60. Kf2 Rd2+ 61. Ke1 Rc2 62. bxc4 Kc5 63. Rb5+ Kd4 64. Rxb6 Rxc4 65. Re6 Kd3
66. Re4 Rc1+ 67. Kf2 Rc2+ 68. Kg1 Ra2 69. Kf1 Ra1+ 70. Kg2 Ra2+ 71. Kh3 Ra1 72.
Re5 Kd4 73. Re4+ Kd3 74. a5 Rxa5 75. Rxf4 Ke2 76. Kg2 Ra8 77. Re4+ Kd3 78. Re5
Rf8 79. Kg3 Rg8+ 80. Kf4 Rf8+ 81. Kg3 Rg8+ 82. Rg5 Rh8 83. f4 Ke4 84. Re5+ Kd4
85. Kf3 Rh7 86. Ra5 Rh8 87. f5 Rg8 88. f6 Rg1 89. Kf4 Rf1+ 90. Kg5 Ke4 91. Kg6 1-0

[Event "9th Semana Santa Alicante"]
[Site "San Vicente ESP"]
[Date "2025.04.20"]
[Round "8.5"]
[White "Ivanchuk, Vasyl"]
[Black "Raczek, Krzysztof"]
[Result "1-0"]
[WhiteTitle "GM"]
[BlackTitle "IM"]
[WhiteElo "2604"]
[BlackElo "2448"]
[WhiteFideId "14100010"]
[BlackFideId "21005303"]
[EventDate "2025.04.16"]

1. d4 Nf6 2. c4 e6 3. Nc3 d5 4. Bg5 dxc4 5. e4 c5 6. Nf3 cxd4 7. Qxd4 Qxd4 8.
Nxd4 a6 9. Bxc4 b5 10. Be2 Bb7 11. f3 Nfd7 12. Nb3 Nc6 13. Rc1 Be7 14. Be3 O-O
15. Kf2 Rfd8 16. Rhd1 Rac8 17. a4 bxa4 18. Nxa4 Kf8 19. Nbc5 Nxc5 20. Rxd8+ Nxd8
21. Nxc5 Bxc5 22. Bxc5+ Ke8 23. Bd1 Bc6 24. Bd6 Bd7 25. Rxc8 Bxc8 26. Ke3 Bd7
27. f4 Bb5 28. Kd4 Nb7 29. Bb4 Bc6 30. g4 Bb5 31. h4 Bc6 32. g5 Bb5 33. Ke5 Nd8
34. Kd6 Nc6 35. Bc3 g6 36. h5 Kf8 37. Bf3 Ne7 38. Ke5 Kg7 39. h6+ Kg8 40. Kf6
Nc8 41. f5 exf5 42. exf5 Bc4 43. Bb4 Nb6 44. Ke5 Bb3 45. Kd4 Bc2 46. f6 Bb3 47.
Kc3 Be6 48. Kd4 a5 49. Bxa5 Nc4 50. b4 Na3 51. Kc5 Bb3 52. Bc6 Be6 53. Bc7 Ba2
54. Bf4 Be6 55. Bc1 Nb1 56. Kd4 1-0

[Event "9th Semana Santa Alicante"]
[Site "San Vicente ESP"]
[Date "2025.04.20"]
[Round "8.6"]
[White "Zanan, Evgeny"]
[Black "Kozak, Adam"]
[Result "1/2-1/2"]
[WhiteTitle "GM"]
[BlackTitle "GM"]
[WhiteElo "2454"]
[BlackElo "2598"]
[WhiteFideId "24101940"]
[BlackFideId "753246"]
[EventDate "2025.04.16"]

1. e4 c5 2. Nf3 Nc6 3. d4 cxd4 4. Nxd4 Nf6 5. Nc3 d6 6. Bg5 Bd7 7. Nxc6 Bxc6 8.
Bxf6 gxf6 9. Bb5 Qa5 10. Qd5 Qb6 11. Qh5 e6 12. a4 a6 13. a5 Qc7 14. Ba4 Rg8 15.
O-O Bxa4 16. Rxa4 Rg5 17. Qxh7 Rxa5 18. Rxa5 Qxa5 19. Qh3 Qb4 20. Rb1 Rb8 21.
Qf3 Be7 22. g3 Rc8 23. h4 Qc5 24. Ne2 Rd8 25. c3 d5 26. Rd1 dxe4 27. Rxd8+ Bxd8
28. Qxe4 Qb5 29. Qc2 Bb6 30. c4 Qc5 31. Nf4 Bc7 32. Qe4 f5 33. Qxb7 Bxf4 34.
gxf4 Qxc4 35. Qb8+ Ke7 36. h5 Qe2 37. Qb4+ Ke8 38. Qb8+ Ke7 39. Qb4+ Ke8 40.
Qb8+ 1/2-1/2

[Event "9th Semana Santa Alicante"]
[Site "San Vicente ESP"]
[Date "2025.04.20"]
[Round "8.7"]
[White "Iturrizaga Bonelli, Eduardo"]
[Black "Mamedov, Edgar"]
[Result "0-1"]
[WhiteTitle "GM"]
[BlackTitle "IM"]
[WhiteElo "2585"]
[BlackElo "2453"]
[WhiteFideId "3901211"]
[BlackFideId "13739980"]
[EventDate "2025.04.16"]

1. c4 e6 2. Nc3 d5 3. d4 Nf6 4. cxd5 exd5 5. Bg5 c6 6. e3 Bd6 7. Bd3 O-O 8. Nf3
Re8 9. O-O Bg4 10. Qc2 h6 11. Bh4 Nbd7 12. Nd2 Bh5 13. Rae1 Qb8 14. f4 Ng4 15.
Bf2 Nf8 16. Nf3 Bg6 17. Bxg6 Nxg6 18. Ne5 Nxf2 19. Qxf2 Qc8 20. e4 dxe4 21. Nxe4
Bc7 22. Nc5 Bb6 23. b4 Qd8 24. Nxg6 Rxe1 25. Rxe1 fxg6 26. h3 a5 27. a3 axb4 28.
axb4 Qd5 29. Re5 Qc4 30. Re7 Bxc5 31. bxc5 Rd8 32. Rxb7 Rxd4 33. f5 Qxc5 34.
Rb8+ Kh7 35. fxg6+ Kxg6 36. Rb1 Rd5 37. Qxc5 Rxc5 38. Rb7 Re5 39. Rc7 Re6 40.
Kf2 Kf6 41. Kf3 g5 42. h4 gxh4 43. Kf4 Kg6 44. Rc8 Kf7 45. Rc7+ Kf6 46. Rh7 Kg6
47. Rc7 Kh5 48. Rc8 Rg6 49. Rc7 Rxg2 50. Rxc6 h3 51. Kf3 Rg4 52. Rc2 Kh4 53. Rc6
h5 54. Rc2 Rg3+ 55. Kf4 Rg2 0-1

[Event "9th Semana Santa Alicante"]
[Site "San Vicente ESP"]
[Date "2025.04.20"]
[Round "8.8"]
[White "Plazuelo Pascual, Juan"]
[Black "Stremavicius, Titas"]
[Result "1/2-1/2"]
[WhiteTitle "IM"]
[BlackTitle "GM"]
[WhiteElo "2449"]
[BlackElo "2551"]
[WhiteFideId "32059566"]
[BlackFideId "12804444"]
[EventDate "2025.04.16"]

1. d4 d5 2. c4 e6 3. Nc3 Nf6 4. Bg5 c5 5. cxd5 cxd4 6. Qxd4 Be7 7. Nf3 exd5 8.
e3 O-O 9. Qa4 h6 10. Bh4 Nc6 11. Rd1 1/2-1/2

[Event "9th Semana Santa Alicante"]
[Site "San Vicente ESP"]
[Date "2025.04.20"]
[Round "8.9"]
[White "Stearman, Josiah"]
[Black "Sethuraman, S.P."]
[Result "0-1"]
[WhiteTitle "IM"]
[BlackTitle "GM"]
[WhiteElo "2441"]
[BlackElo "2548"]
[WhiteFideId "2062496"]
[BlackFideId "5021596"]
[EventDate "2025.04.16"]

1. e4 c5 2. Nf3 d6 3. Bb5+ Nd7 4. c4 Nf6 5. Nc3 g6 6. O-O Bg7 7. d3 O-O 8. h3
Nb6 9. Be3 a6 10. Ba4 Nxa4 11. Qxa4 b6 12. d4 Bb7 13. Qc2 cxd4 14. Bxd4 b5 15.
cxb5 axb5 16. a3 Qc8 17. Qd2 e5 18. Be3 Nxe4 19. Nxe4 Bxe4 20. Ng5 Bc6 21. Qxd6
Qb7 22. Rfc1 Rac8 23. Qd1 e4 24. h4 Bxb2 25. h5 Bxa1 26. hxg6 hxg6 27. Rxa1 Qd7
28. Qe2 Qf5 29. Rc1 Bd7 30. Rd1 Bc6 31. Qc2 Bd5 32. Qd2 Bb3 33. Rb1 Bc4 34. Qd6
f6 35. Nh3 Rfd8 36. Qg3 Rd7 37. Nf4 g5 38. Nh5 Be2 39. Qh2 Rcd8 40. f4 exf3 41.
Kf2 Qxb1 42. Nxf6+ Kf7 43. Bxg5 Qf1+ 44. Ke3 Qc1+ 0-1

[Event "9th Semana Santa Alicante"]
[Site "San Vicente ESP"]
[Date "2025.04.20"]
[Round "8.10"]
[White "Heberla, Bartlomiej"]
[Black "Cieslak, Patryk"]
[Result "1/2-1/2"]
[WhiteTitle "GM"]
[BlackTitle "FM"]
[WhiteElo "2523"]
[BlackElo "2432"]
[WhiteFideId "1115120"]
[BlackFideId "21078882"]
[EventDate "2025.04.16"]

1. d4 Nf6 2. c4 e6 3. Nc3 Bb4 4. e3 O-O 5. Bd2 c5 6. a3 Bxc3 7. Bxc3 Ne4 8. Ne2
b6 9. d5 Ba6 10. Qc2 exd5 11. cxd5 Nxc3 12. Qxc3 Bxe2 13. Bxe2 d6 14. O-O Qe7
15. Bd3 Nd7 16. e4 a6 17. a4 Ne5 18. Bc2 b5 19. f4 Nd7 20. Rae1 f6 21. Qh3 g6
22. Rf3 c4 23. Rg3 Rf7 24. Rge3 Qd8 25. Kh1 Qb6 26. Qg4 Qd4 27. h4 Qxb2 28. R1e2
Qa1+ 29. Kh2 Nf8 30. e5 fxe5 31. fxe5 dxe5 32. Rxe5 Qf1 33. d6 Qf6 34. Qg3 Rd8
35. axb5 axb5 36. Rxb5 Rxd6 37. Rf5 Qd8 38. Rxf7 Kxf7 39. Re4 Ne6 1/2-1/2

[Event "9th Semana Santa Alicante"]
[Site "San Vicente ESP"]
[Date "2025.04.20"]
[Round "8.11"]
[White "Garcia Ramos, Daniel"]
[Black "Vrolijk, Liam"]
[Result "1-0"]
[WhiteTitle "IM"]
[BlackTitle "GM"]
[WhiteElo "2428"]
[BlackElo "2520"]
[WhiteFideId "32010311"]
[BlackFideId "1048333"]
[EventDate "2025.04.16"]

1. e4 e5 2. Nf3 Nc6 3. Bc4 Nf6 4. d3 Bc5 5. c3 d6 6. O-O a5 7. Nbd2 O-O 8. h3
Be6 9. Bb5 Ba7 10. Re1 Ne7 11. d4 Ng6 12. a4 Nh5 13. Bf1 Nhf4 14. Kh2 exd4 15.
Nxd4 Ne5 16. N2f3 Qf6 17. Be3 Bd7 18. g3 Ne6 19. Ng1 Nc6 20. Nge2 Rfe8 21. Bg2
Ne5 22. b3 Nc5 23. Nf4 Ng6 24. Nxg6 hxg6 25. Qc2 g5 26. Nf5 Ne6 27. Bxa7 Rxa7
28. Ne3 Nc5 29. Nd5 Qd8 30. Rad1 c6 31. Ne3 Be6 32. c4 b6 33. e5 d5 34. cxd5
cxd5 35. Bxd5 Qc8 36. Bxe6 Qxe6 37. Nc4 Rd7 38. Re3 Rxd1 39. Qxd1 Qf5 40. Kg2
Qc8 41. Qd5 Qe6 42. Qxe6 Rxe6 43. Rc3 Nd7 44. f4 gxf4 45. gxf4 g6 46. Kf3 g5 47.
Rd3 Re7 48. Rd6 gxf4 49. Kxf4 Kg7 50. Ne3 1-0

[Event "9th Semana Santa Alicante"]
[Site "San Vicente ESP"]
[Date "2025.04.20"]
[Round "8.12"]
[White "Diaz Camallonga, Carles"]
[Black "Gormally, Daniel W"]
[Result "1/2-1/2"]
[WhiteTitle "IM"]
[BlackTitle "GM"]
[WhiteElo "2487"]
[BlackElo "2428"]
[WhiteFideId "22235256"]
[BlackFideId "406465"]
[EventDate "2025.04.16"]

1. d4 Nf6 2. Nf3 e6 3. c4 d5 4. g3 dxc4 5. Bg2 Nbd7 6. a4 a5 7. O-O c6 8. Qc2
Nd5 9. Qxc4 Be7 10. Nbd2 O-O 11. Ne4 Nb4 12. Bd2 Nb6 13. Qc1 N6d5 14. Qb1 b6 15.
Neg5 g6 16. h4 Bf6 17. e4 Ne7 18. Rd1 Bg7 19. Nh3 Ba6 20. Bf4 Be2 21. Rd2 Bxf3
22. Bxf3 Ra7 23. Qd1 Rd7 24. Be3 e5 25. dxe5 Rxd2 26. Qxd2 Qxd2 27. Bxd2 Bxe5
28. Rb1 Rd8 29. Bc3 Bxc3 30. bxc3 Na2 31. Rxb6 Nxc3 32. Ra6 Nxa4 33. Rxa5 Nb6
34. Ra7 Rd7 35. Ra6 Nc4 36. Be2 Nd2 37. e5 Rd5 38. e6 fxe6 39. Ng5 h6 40. Ra8+
Kg7 41. Nxe6+ Kf6 42. Nf4 Rd6 43. Ra2 Ne4 44. Bf3 Rd2 45. Ra6 Nxf2 46. Bxc6 Rd6
47. Kxf2 Rxc6 48. Rxc6+ 1/2-1/2

[Event "9th Semana Santa Alicante"]
[Site "San Vicente ESP"]
[Date "2025.04.20"]
[Round "8.13"]
[White "Berdayes Ason, Dylan Isidro"]
[Black "Sowinski, Pawel"]
[Result "0-1"]
[WhiteTitle "GM"]
[BlackTitle "IM"]
[WhiteElo "2478"]
[BlackElo "2428"]
[WhiteFideId "3516016"]
[BlackFideId "21881979"]
[EventDate "2025.04.16"]

1. d4 Nf6 2. c4 e6 3. Nc3 d5 4. Bg5 dxc4 5. e3 a6 6. Bxc4 Nbd7 7. e4 b5 8. Bd3
Bb7 9. Qe2 Be7 10. Nf3 c5 11. Rd1 b4 12. Nb1 cxd4 13. Nxd4 Qa5 14. Bh4 Ne5 15.
O-O O-O 16. Bc2 Qxa2 17. Bg3 Ng6 18. Bb3 Qa5 19. Nd2 Nh5 20. Nc4 Qc5 21. Ba2
Nxg3 22. hxg3 a5 23. Nb3 Qg5 24. Nbd2 a4 25. Nb6 Ra6 26. Nf3 Qa5 27. Nc4 Qc7 28.
Nd4 b3 29. Bb1 Raa8 30. Ne3 Rfd8 31. Nf3 Rdb8 32. Rc1 Qa5 33. Bd3 Rc8 34. Nc4
Qb4 35. Na3 Qb6 36. Nc4 Qa7 37. Ra1 Bc6 38. Rfd1 Rab8 39. Rdc1 Rd8 40. Rd1 Rbc8
41. Ncd2 Qb6 42. Nc4 Qb4 43. Na3 Bf6 44. Rac1 Bb7 45. Rxc8 Bxc8 46. e5 Be7 47.
Rc1 Qb8 48. Bb5 Bxa3 49. bxa3 Bd7 50. Bxd7 Rxd7 51. Qa6 Rc7 52. Rxc7 Qxc7 53.
Kh2 b2 54. Qb5 Qc1 0-1

[Event "9th Semana Santa Alicante"]
[Site "San Vicente ESP"]
[Date "2025.04.20"]
[Round "8.14"]
[White "Ribeiro, Rodrigo"]
[Black "Santiago, Yago De Moura"]
[Result "0-1"]
[WhiteTitle "FM"]
[BlackTitle "GM"]
[WhiteElo "2129"]
[BlackElo "2475"]
[WhiteFideId "1938398"]
[BlackFideId "2103877"]
[EventDate "2025.04.16"]

1. d4 e6 2. c4 f5 3. Nf3 Nf6 4. g3 d5 5. Bg2 Ne4 6. O-O Be7 7. b3 Nc6 8. Bb2 h5
9. Ne5 Nxe5 10. dxe5 h4 11. Bxe4 fxe4 12. e3 O-O 13. Nc3 c6 14. Qg4 Rf5 15. Ne2
Rg5 16. Qh3 Qf8 17. Nf4 Qf5 18. Qxh4 Bd7 19. f3 exf3 20. Rxf3 Qe4 21. Raf1 Rf8
22. Ba3 c5 23. Bxc5 Bxc5 24. Qxg5 Bxe3+ 25. Kg2 Bc6 26. Qg6 dxc4 27. Qxe6+ Kh7
28. Qxc4 Rxf4 29. gxf4 Qg6+ 30. Kh3 Be4 31. f5 Qh5+ 32. Kg3 Qg5+ 33. Kh3 Bf4 34.
Qf7 Bxf5+ 35. Qxf5+ Qxf5+ 36. Kg2 Qg4+ 37. Kh1 Bxe5 38. R3f2 Qe4+ 39. Rg2 g5 40.
Kg1 Bd4+ 41. Kh1 Kg6 42. Rd1 Kh5 0-1

[Event "9th Semana Santa Alicante"]
[Site "San Vicente ESP"]
[Date "2025.04.20"]
[Round "8.15"]
[White "Diaz Perez, Michel Alejandro"]
[Black "Marin, Mihail"]
[Result "1-0"]
[WhiteTitle "IM"]
[BlackTitle "GM"]
[WhiteElo "2474"]
[BlackElo "2426"]
[WhiteFideId "3517179"]
[BlackFideId "1200020"]
[EventDate "2025.04.16"]

1. d4 Nf6 2. c4 g6 3. Nc3 d5 4. cxd5 Nxd5 5. e4 Nxc3 6. bxc3 Bg7 7. Qa4+ Nd7 8.
Nf3 O-O 9. Qa3 c5 10. Be2 cxd4 11. cxd4 Nb6 12. Bg5 Re8 13. O-O Qd6 14. Qe3 Bg4
15. e5 Qd7 16. Bh6 Nd5 17. Qd2 Nc3 18. Qxc3 Bxh6 19. Qb4 a5 20. Qb6 Rec8 21.
Rab1 Rc2 22. Bd3 Bxf3 23. e6 Qd5 24. exf7+ Kg7 25. Bxc2 Bxg2 26. Rb5 Qc6 27. Re1
Kxf7 28. Bb3+ Kf8 29. d5 Qxb6 30. Rxb6 Bf3 31. d6 exd6 32. Rxd6 Bg5 33. Rd7 a4
34. Rf7+ Kg8 35. Be6 Bg4 36. Rf5+ 1-0

[Event "9th Semana Santa Alicante"]
[Site "San Vicente ESP"]
[Date "2025.04.20"]
[Round "8.16"]
[White "Tanriverdi, Enes"]
[Black "Gines Esteo, Pedro Antonio"]
[Result "1-0"]
[WhiteTitle "IM"]
[BlackTitle "GM"]
[WhiteElo "2388"]
[BlackElo "2469"]
[WhiteFideId "34543279"]
[BlackFideId "32080190"]
[EventDate "2025.04.16"]

1. e4 c6 2. Nf3 d5 3. d3 dxe4 4. dxe4 Qxd1+ 5. Kxd1 Nf6 6. Nbd2 g6 7. Ne5 Be6 8.
f3 h5 9. Bc4 Bxc4 10. Ndxc4 Nbd7 11. Nxd7 Nxd7 12. Be3 Bg7 13. c3 f5 14. exf5
gxf5 15. Kc2 Ne5 16. Nd2 Kf7 17. a4 h4 18. a5 Rag8 19. Rhe1 a6 20. Re2 Bf6 21.
Bd4 Ng6 22. Bxf6 Kxf6 23. Ra4 e5 24. g3 Rg7 25. Rb4 hxg3 26. hxg3 Rh3 27. g4 Nf4
28. Rf2 Rd7 29. Rc4 Nd3 30. Re2 e4 31. g5+ Kxg5 32. fxe4 f4 33. e5 f3 34. e6
fxe2 35. exd7 e1=N+ 36. Kb3 Rh8 37. Ne4+ Kf5 38. Rd4 Rd8 39. Nd6+ Ke6 40. Nxb7
Rxd7 41. Nd8+ Kf6 42. Rxd7 Nc5+ 43. Kc4 Nxd7 44. Nxc6 Ne5+ 45. Kd5 N5d3 46. b4
Nf4+ 47. Kd6 Ned3 48. b5 axb5 49. a6 Nb2 50. Ne5 Na4 51. Nd7+ Kf5 52. a7 Nxc3
53. a8=Q Ne4+ 54. Kc6 Ne6 55. Qb8 Nd4+ 56. Kd5 1-0

[Event "9th Semana Santa Alicante"]
[Site "San Vicente ESP"]
[Date "2025.04.20"]
[Round "8.17"]
[White "Jain, Kashish Manoj"]
[Black "Oro, Faustino"]
[Result "1-0"]
[WhiteTitle "FM"]
[BlackTitle "IM"]
[WhiteElo "2459"]
[BlackElo "2423"]
[WhiteFideId "35081098"]
[BlackFideId "20000197"]
[EventDate "2025.04.16"]

1. e4 c6 2. d4 d5 3. e5 c5 4. Nf3 cxd4 5. Qxd4 Nc6 6. Qf4 g6 7. Nc3 d4 8. Nb5
Bh6 9. Qh4 Bxc1 10. Rxc1 a6 11. Nbxd4 Nxe5 12. Nxe5 Qa5+ 13. c3 Qxe5+ 14. Be2
Qd5 15. O-O Qxa2 16. Bf3 Qxb2 17. Rb1 Qa3 18. Rfe1 Qd6 19. Bxb7 Bxb7 20. Rxb7
Kf8 21. h3 Rc8 22. Re3 Rc5 23. Qe4 Kg7 24. Ra7 Rc7 25. Rxa6 Qd7 26. Nf5+ Kf8 27.
Ra8+ Rc8 28. Qd4 Qxf5 29. Rxc8+ Qxc8 30. Qxh8 1-0

[Event "9th Semana Santa Alicante"]
[Site "San Vicente ESP"]
[Date "2025.04.20"]
[Round "8.18"]
[White "Dragnev, Valentin"]
[Black "Sliwicka, Alicja"]
[Result "1-0"]
[WhiteTitle "GM"]
[BlackTitle "WGM"]
[WhiteElo "2538"]
[BlackElo "2376"]
[WhiteFideId "1634852"]
[BlackFideId "1150677"]
[EventDate "2025.04.16"]

1. e4 e5 2. Nf3 Nc6 3. Bc4 Nf6 4. d3 Be7 5. O-O O-O 6. Nc3 d6 7. a4 Na5 8. Ba2
c5 9. Nd2 Nc6 10. Nc4 Be6 11. Ne3 Nb4 12. Bc4 d5 13. exd5 Nfxd5 14. Nexd5 Nxd5
15. Qe1 Bf6 16. Qe4 Nxc3 17. bxc3 Bxc4 18. Qxc4 Rc8 19. Rb1 Qd7 20. Be3 Rc6 21.
a5 Rfc8 22. Rb5 Bd8 23. Rfb1 b6 24. axb6 axb6 25. Ra1 Rg6 26. Rb2 h5 27. Qe4 Qc6
28. f3 Qxe4 29. dxe4 Rd6 30. Kf2 Kf8 31. Ke2 Ke7 32. Rba2 Rd7 33. g4 hxg4 34.
fxg4 Ke6 35. Ra6 g5 36. Rf1 f6 37. Rh1 Rh7 38. h3 Kd6 39. c4 Kc6 40. Bf2 Kb7 41.
Ra3 Ra8 42. Rxa8 Kxa8 43. h4 gxh4 44. Rxh4 Rxh4 45. Bxh4 Kb7 46. Kf3 Kc6 47. g5
fxg5 48. Bg3 Bc7 49. Kg4 b5 50. Kxg5 bxc4 51. Kf5 c3 52. Bxe5 Ba5 53. Ke6 Bb4
54. Bd6 Ba5 55. e5 Bd8 56. Bf8 Bh4 57. Kf5 Bf2 58. e6 c4 59. Kg6 Bh4 60. e7 Bxe7
61. Bxe7 Kd5 62. Kf5 Kd4 1-0

[Event "9th Semana Santa Alicante"]
[Site "San Vicente ESP"]
[Date "2025.04.20"]
[Round "8.19"]
[White "Niedbala, Bartlomiej"]
[Black "Pranav, Anand"]
[Result "0-1"]
[WhiteTitle "IM"]
[BlackTitle "GM"]
[WhiteElo "2377"]
[BlackElo "2538"]
[WhiteFideId "21834008"]
[BlackFideId "46626786"]
[EventDate "2025.04.16"]

1. e4 c5 2. Nf3 d6 3. d4 cxd4 4. Nxd4 Nf6 5. Nc3 a6 6. Be3 e6 7. Be2 Qc7 8. Qd2
Be7 9. O-O-O b5 10. a3 Bb7 11. f3 h5 12. Kb1 Nbd7 13. h3 h4 14. Bg5 Rc8 15. Rhe1
g6 16. Bf1 Qa5 17. Nb3 Qd8 18. Nd4 e5 19. Nb3 Kf8 20. f4 Kg7 21. Bd3 Rc7 22. Rf1
Nh5 23. Bxe7 Qxe7 24. f5 Ng3 25. Rf2 Nf6 26. Re1 Rh5 27. fxg6 fxg6 28. Rf3 Rh8
29. Nc1 Qd8 30. Rfe3 Rf7 31. N1e2 Nfh5 32. Nxg3 Nxg3 33. Qd1 Rf2 34. Be2 Rxg2
35. Rd3 Qg5 36. Bg4 Rd8 37. Rxd6 Rd2 38. Rxd8 Qxd8 39. Qf3 Qd4 40. Be6 Rf2 41.
Qg4 Qd2 42. Rc1 Qf4 43. Rd1 Qxg4 44. Rd7+ Kh6 45. Bxg4 Bc8 0-1

[Event "9th Semana Santa Alicante"]
[Site "San Vicente ESP"]
[Date "2025.04.20"]
[Round "8.20"]
[White "Garcia Blanco, Omar"]
[Black "Balakrishnan, Praveen"]
[Result "0-1"]
[WhiteTitle "FM"]
[BlackTitle "GM"]
[WhiteElo "2373"]
[BlackElo "2489"]
[WhiteFideId "2287153"]
[BlackFideId "2064871"]
[EventDate "2025.04.16"]

1. e4 e5 2. Nf3 Nc6 3. Bc4 Nf6 4. d3 Be7 5. O-O O-O 6. Nc3 d6 7. a4 Bg4 8. h3
Bxf3 9. Qxf3 Nd4 10. Qd1 Ne6 11. Be3 c6 12. Ba2 Qc7 13. g3 Rad8 14. Kh2 d5 15.
exd5 cxd5 16. d4 exd4 17. Nb5 Qb6 18. Nxd4 Qxb2 19. Bb3 Qc3 20. Nb5 Qa5 21. Qe1
Bb4 22. c3 Bc5 23. c4 Bb4 24. Qb1 d4 25. Bc1 d3 26. Ba3 Bxa3 27. Nxa3 Ne4 28.
Qb2 Qb4 29. Rfb1 Qc5 30. Rf1 Qb4 31. Rfb1 d2 32. Kg2 Qb6 33. c5 N6xc5 34. Bd1
Qxb2 35. Rxb2 Nxf2 36. Nc4 Nxd1 37. Rxd1 Rd4 38. Rc2 Ne4 39. a5 Rc8 0-1

[Event "9th Semana Santa Alicante"]
[Site "San Vicente ESP"]
[Date "2025.04.20"]
[Round "8.21"]
[White "Szpar, Milosz"]
[Black "Cesar Maestre, Bernardo"]
[Result "1-0"]
[WhiteTitle "IM"]
[BlackTitle "FM"]
[WhiteElo "2481"]
[BlackElo "2366"]
[WhiteFideId "1184989"]
[BlackFideId "24542547"]
[EventDate "2025.04.16"]

1. e4 c5 2. Nf3 d6 3. d4 cxd4 4. Qxd4 Nc6 5. Qe3 g6 6. Be2 Bg7 7. O-O Nf6 8. h3
O-O 9. Rd1 Nd7 10. Nc3 b6 11. Qf4 Bb7 12. Qh4 Nce5 13. Nh2 Rc8 14. Bg5 Bf6 15.
Nf1 Bxg5 16. Qxg5 f5 17. exf5 Rxf5 18. Qg3 Nf6 19. Rd4 Nf7 20. Ne3 Rg5 21. Qh2
Rgc5 22. Rad1 h5 23. h4 Kg7 24. Qg3 Qe8 25. Bc4 Ne5 26. Be6 Rd8 27. Rf4 Bc8 28.
Bb3 Bd7 29. Ncd5 Nxd5 30. Nxd5 Be6 31. Rfd4 Bxd5 32. Rxd5 Rxd5 33. Rxd5 Qd7 34.
c3 Qg4 35. Rxe5 dxe5 36. Qxe5+ Kh6 37. Qe3+ g5 38. Qxe7 Rd1+ 39. Bxd1 Qxd1+ 40.
Kh2 gxh4 41. Qf6+ Kh7 42. Qxh4 Qd6+ 43. g3 Kg6 44. Qe4+ Kg5 45. c4 Qd1 46. Qd5+ 1-0

[Event "9th Semana Santa Alicante"]
[Site "San Vicente ESP"]
[Date "2025.04.20"]
[Round "8.22"]
[White "Castellanos Rodriguez, Renier"]
[Black "Vitier Vazquez, Cristian"]
[Result "1-0"]
[WhiteTitle "GM"]
[BlackTitle "IM"]
[WhiteElo "2471"]
[BlackElo "2355"]
[WhiteFideId "3404650"]
[BlackFideId "3513157"]
[EventDate "2025.04.16"]

1. e4 e6 2. d4 d5 3. Nc3 Nf6 4. e5 Nfd7 5. Nce2 c5 6. c3 Nc6 7. Nf3 Be7 8. a3
Qa5 9. Bd2 Qb6 10. Rb1 O-O 11. g3 f6 12. exf6 Nxf6 13. Bg2 cxd4 14. cxd4 Ne4 15.
O-O Nxd2 16. Qxd2 Bd7 17. Qe3 Bd6 18. b4 Rae8 19. Nc3 Qd8 20. Nd2 Qf6 21. Nb3 b6
22. Qd3 Kh8 23. Rbc1 Rc8 24. Nd1 e5 25. Ne3 Nxd4 26. Rxc8 Bxc8 27. Nxd4 exd4 28.
Nxd5 Qe5 29. f4 Qe6 30. Qxd4 Rd8 31. Qc3 Bb7 32. Re1 Qd7 33. Nf6 Qc8 34. Qxc8
Bxc8 35. Ne4 Bf8 36. Ng5 Kg8 37. Rc1 h6 38. Nf3 a5 39. Ne5 axb4 40. Nc6 Bc5+ 41.
Kh1 Be3 42. Ra1 Re8 43. axb4 Bf5 44. Bf3 Kh7 45. Re1 Bg6 46. Kg2 Bd2 47. Rd1 Bc3
48. b5 Re3 49. Kf2 Rd3 50. Rxd3 Bxd3 51. Be2 Bb1 52. Ke3 Kg8 53. Ne5 g5 54. Bd3
Bxd3 55. Kxd3 Bb4 56. Nd7 gxf4 57. gxf4 Bd6 58. Ke4 Bc7 59. Nf6+ Kf7 60. Nd5 Bd8
61. Kf5 h5 62. h3 h4 63. Ke5 Kg6 64. Ke6 Kg7 65. Kd7 1-0

[Event "9th Semana Santa Alicante"]
[Site "San Vicente ESP"]
[Date "2025.04.20"]
[Round "8.23"]
[White "Camacho Collados, Marcos"]
[Black "Lopez Varela, Pablo"]
[Result "1/2-1/2"]
[WhiteTitle "IM"]
[BlackTitle "FM"]
[WhiteElo "2468"]
[BlackElo "2350"]
[WhiteFideId "2266237"]
[BlackFideId "32092105"]
[EventDate "2025.04.16"]

1. Nf3 d6 2. d4 Nf6 3. Nc3 Nbd7 4. e4 e5 5. Bc4 Be7 6. O-O O-O 7. Re1 c6 8. a4
h6 9. h3 Re8 10. a5 Qc7 11. Be3 exd4 12. Bxd4 Ne5 13. Bb3 Bd8 14. Nh4 Nh7 15.
Nf5 Bxf5 16. exf5 Bf6 17. Ne4 d5 18. Nxf6+ Nxf6 19. c3 Ned7 20. Rxe8+ Nxe8 21.
Qf3 Qd6 22. Bc2 Nef6 23. a6 b6 24. Rd1 Qc7 25. b3 Qc8 26. Ra1 c5 27. Be3 Qc6 28.
c4 Re8 29. Bf4 Ne5 30. Qc3 d4 31. Qb2 Qc8 32. Bxe5 Rxe5 33. Bd3 Qe8 34. Qd2 Qe7
35. Kf1 Ne4 36. Qf4 Nd6 37. Qf3 Ne4 38. Kg1 Nf6 39. Kh2 Qc7 40. g3 Re7 41. Kg2
Qc8 42. g4 Qe8 43. h4 Nd7 44. Qg3 Ne5 45. Re1 Nxd3 46. Rxe7 Qxe7 47. Qxd3 Qxh4
48. Qe4 h5 49. f3 hxg4 50. fxg4 d3 51. Qxd3 Qxg4+ 52. Kh2 Qh4+ 53. Kg2 Qg5+ 54.
Kf3 g6 55. fxg6 Qh5+ 56. Kf4 Qh6+ 57. Ke5 Qg5+ 58. Qf5 f6+ 59. Ke6 Qxf5+ 60.
Kxf5 Kg7 61. Ke6 Kxg6 62. Kd6 f5 63. Kc7 f4 64. Kb7 f3 65. Kxa7 f2 66. Kb7 f1=Q
67. a7 Qf3+ 68. Kb8 Qxb3 69. a8=Q Qxc4 70. Qc6+ Kf5 71. Qxb6 Qb4 72. Ka8 Qa4+
73. Kb7 Qd7+ 74. Kb8 Qd5 75. Qb1+ Qe4 76. Qd1 c4 77. Qd7+ Kf4 78. Qd2+ Qe3 79.
Qh2+ Qg3 80. Qh6+ Ke4+ 81. Ka8 c3 82. Qc6+ Kd3 83. Qd5+ Ke3 84. Qc5+ Kd2 85.
Qd5+ Kc1 86. Qh1+ Kc2 87. Qf1 Qg8+ 88. Kb7 Kb2 89. Qf2+ Kb1 90. Qe1+ Kb2 91.
Qf2+ c2 92. Qd4+ Ka3 93. Qc5+ Kb3 94. Qe3+ Ka2 95. Qa7+ Kb1 96. Qb6+ Ka2 97.
Qa7+ Kb3 98. Qe3+ Ka2 1/2-1/2